UM Logo

Contrasting fates for Mindanao farmers/ (Record no. 8733)

MARC details
000 -LEADER
fixed length control field 00357nam a2200121 4500
008 - FIXED-LENGTH DATA ELEMENTS--GENERAL INFORMATION
fixed length control field 180219b xxu||||| |||| 00| 0 eng d
100 ## - MAIN ENTRY--PERSONAL NAME
9 (RLIN) 26629
Personal name Macabalang, Ali G.
245 ## - TITLE STATEMENT
Title Contrasting fates for Mindanao farmers/
Statement of responsibility, etc. Ali G. Macabalang
260 ## - PUBLICATION, DISTRIBUTION, ETC. (IMPRINT)
Place of publication, distribution, etc. Philippines
Name of publisher, distributor, etc. Manila Bulletin
Date of publication, distribution, etc. c2016
300 ## - PHYSICAL DESCRIPTION
Extent page 14.
650 #0 - SUBJECT ADDED ENTRY--TOPICAL TERM
9 (RLIN) 26630
Topical term or geographic name as entry element Drought.
942 ## - ADDED ENTRY ELEMENTS (KOHA)
Source of classification or shelving scheme Dewey Decimal Classification
Koha item type Periodicals
Holdings
Withdrawn status Lost status Source of classification or shelving scheme Damaged status Not for loan Collection code Home library Current library Date acquired Total Checkouts Date last seen Price effective from Koha item type Public note
    Dewey Decimal Classification     Periodicals UM Digos College - LIC UM Digos College - LIC 02/19/2018   02/19/2018 02/19/2018 Periodicals Newspaper Clippings